Roľ zavisimogo ot kaľcija reguljatornogo belka (ZKR) v ingibícii 3,5-c AMF-fosfodiesterazy virusom grippa

Bibliographic Details
Main Author: Križanová, Oľga, 1960- (Author)
Format: Article
Language:Russian
PhysicalDescription:Tb. 1. Obr. 8.
Subjects:

MARC

LEADER 00000nab a2200000 a 4500
001 vtls000050840
003 SK-MaSNL
005 20260319073706.0
008 140430c1979 xo 0 rus
015 |a SNBRB19rr/mm-uuuuu 
035 |a CL0060937 
040 |a SNKBUCL  |b slo  |c SNKBUCL  |e AACR2 
041 0 |a rus 
044 |a xo  |c SK 
080 |a 576.8  |2 1981 
080 |a 577  |2 1981 
080 |a 616.9  |2 1981 
080 |a 616.2  |2 1981 
100 1 |a Križanová, Oľga,  |d 1960-  |4 aut  |9 81838 
245 1 0 |a Roľ zavisimogo ot kaľcija reguljatornogo belka (ZKR) v ingibícii 3,5-c AMF-fosfodiesterazy virusom grippa  |c O. Križanová 
300 |b Tb. 1. Obr. 8. 
650 0 7 |a chrípka  |2 snkbucl  |9 2491 
650 0 7 |a vírusy  |2 snkbucl  |9 687 
655 7 |a články z novín a časopisov  |2 snkbucl  |9 267496 
773 0 |t Acta virologica  |g Roč. 23, č. 4 (1979), s. 303-313 
850 |a Slovenská národná knižnica v Martine  |a MTA001 
852 |a SNK  |b KIS3GCP 
958 |a RK 
992 |a RBX 
999 |c 1654413  |d 1656343